Identifikácia prirodzených jazykov v textových dokumetnoch

Guardado en:
Detalles Bibliográficos
Autor principal: Vojtek, Peter, 1982- (Autor)
Otros Autores: Grlický, Vladimír, 1978- (Orientador)
Formato: Manuscrito Libro
Lenguaje:eslovaco
Publicado: Bratislava : STU, 2006
Materias:
Etiquetas: Agregar Etiqueta
Sin Etiquetas, Sea el primero en etiquetar este registro!

MARC

LEADER 00000ntm a22000003a 4500
001 stu139223
005 20180313150237.1
008 070323s2006----xo------------------slo-d
040 |a STU  |b slo 
041 0 |a slo 
044 |a xo 
100 1 |a Vojtek, Peter,  |d 1982-  |4 aut  |u I200  |U FIIT Fakulta informatiky a informačných technológií  |T FIIT Ústav informatiky a softvérového inžinierstva  |X 17569  |U I200  |Y 179  |7 17569 
245 1 |a Identifikácia prirodzených jazykov v textových dokumetnoch 
260 |a Bratislava :  |b STU,  |c 2006 
300 |a 54 s  |c príl. 
650 7 |a softvérové inžinierstvo  |2 stusub 
700 1 |a Grlický, Vladimír,  |d 1978-  |4 ths  |u I200  |U FIIT Fakulta informatiky a informačných technológií  |T FIIT Ústav informatiky a softvérového inžinierstva  |X 3623  |U I200  |Y 179  |7 A000003623 
996 |c I*DP94/06  |l II680  |s P  |a 0  |w stu139223_0001